000 00331nam a2200133Ia 4500
008 191206s9999 xx 000 0 und d
020 _a0192113909 :
090 _aPR9369F78
245 0 _aDimetos and Two Early Plays
260 _aOxford University Press
260 _cc1977
300 _a164 p. ; 21 cm.
999 _c15819
_d15819